Central Library OPAC University of Rajshahi

Productivity, prices and distribution in selected British industries / (Record no. 45574)

MARC details
000 -LEADER
fixed length control field 00981nam a2200289 a 4500
001 - CONTROL NUMBER
control field 45574
003 - CONTROL NUMBER IDENTIFIER
rucl marc code BD-RjUL
005 - DATE AND TIME OF LATEST TRANSACTION
control field 20211209054032.0
008 - FIXED-LENGTH DATA ELEMENTS--GENERAL INFORMATION
fixed length control field 270716s1948 enka 000 0 eng
035 ## - SYSTEM CONTROL NUMBER
System control number (OCoLC)ocm01873239
System control number (BD-RjUL)45692
040 ## - CATALOGING SOURCE
Original cataloging agency DLC
Transcribing agency FQG
Modifying agency DLC
-- SER
-- EL$
-- NLGGC
-- BD-RjUL
Language of cataloging eng
041 ## - LANGUAGE CODE
Language code of text/sound track or separate title eng
082 ## - DEWEY DECIMAL CLASSIFICATION NUMBER
Classification number 338.52
Author mark and year ROP 1948
084 ## - OTHER CLASSIFICATION NUMBER
Classification number 83.67
Number source bcl
100 1# - MAIN ENTRY--PERSONAL NAME
Personal name Rostas, L.
9 (RLIN) 139508
245 10 - TITLE STATEMENT
Title Productivity, prices and distribution in selected British industries /
Statement of responsibility, etc. L.Rostas
260 ## - PUBLICATION, DISTRIBUTION, ETC. (IMPRINT)
Place of publication, distribution, etc. Cambridge [Eng.] :
Name of publisher, distributor, etc. University Press,
Date of publication, distribution, etc. 1948.
300 ## - PHYSICAL DESCRIPTION
Pagination xiii, 199 p.:
Illustrations diagrs ;
Size 25 cm.
490 1# - SERIES STATEMENT
Series statement National Institute of Economic and Social Research. Occasional papers,
Volume/sequential designation 11
650 #0 - SUBJECT ADDED ENTRY--TOPICAL TERM
Topical term or geographic name as entry element Prices.
9 (RLIN) 139509
Topical term or geographic name as entry element Cost.
9 (RLIN) 139510
Topical term or geographic name as entry element Industries
Geographic subdivision Great Britain.
9 (RLIN) 139511
830 #0 - SERIES ADDED ENTRY--UNIFORM TITLE
Uniform title Occasional papers (National Institute of Economic and Social Research) ;
Volume number/sequential designation 11.
942 ## - ADDED ENTRY ELEMENTS (KOHA)
Source of classification or shelving scheme Dewey Decimal Classification
Koha item type Books
Holdings
Lost status Source of classification or shelving scheme Damaged status Not for loan Collection code Permanent Location Current Location Shelving location Date acquired Source of acquisition Cost, normal purchase price Total Checkouts Full call number Date last seen Copy number Koha item type
  Dewey Decimal Classification     Non-fiction Central Library, University of Rajshahi Central Library, University of Rajshahi   10/03/1958 Pak American 22.80   338.52 ROP 1948 27/07/2016 C-2 Books